Normal view
MARC view
Entry Personal Name
001 - CONTROL NUMBER
- control field: 77266
003 - CONTROL NUMBER IDENTIFIER
- control field: dpl
005 - DATE AND TIME OF LATEST TRANSACTION
- control field: 20250129123733.0
008 - FIXED-LENGTH DATA ELEMENTS
- fixed length control field: 250129|| aca||aabn | a|a d
040 ## - CATALOGING SOURCE
- Original cataloging agency: dpl
- Transcribing agency: dpl
100 ## - HEADING--PERSONAL NAME
- Personal name: Mohapatra, Sruti
670 ## - SOURCE DATA FOUND
- Source citation: Work cat.: (dpl)208871: Mohapatra, Sruti, 7 Days of Holy Parikrama of River Prachi with HH Paramahamsa Prajnanananda ji Maharaj /, 2023
